Introduction to the management of public sector records study programme / (Record no. 98981)
[ view plain ]
| 000 -LEADER | |
|---|---|
| fixed length control field | 00847nam a2200253 a 4500 |
| 008 - FIXED-LENGTH DATA ELEMENTS--GENERAL INFORMATION | |
| fixed length control field | |
| 020 ## - INTERNATIONAL STANDARD BOOK NUMBER | |
| International Standard Book Number | 1903354153 (pbk.) |
| 049 ## - LOCAL HOLDINGS (OCLC) | |
| Holding library | MAIN |
| 090 ## - LOCALLY ASSIGNED LC-TYPE CALL NUMBER (OCLC); LOCAL CALL NUMBER (RLIN) | |
| Classification number (OCLC) (R) ; Classification number, CALL (RLIN) (NR) | CD950INT |
| 003 - CONTROL NUMBER IDENTIFIER | |
| control field | |
| 005 - DATE AND TIME OF LATEST TRANSACTION | |
| control field | 20230120153118.0 |
| 040 ## - CATALOGING SOURCE | |
| Transcribing agency | NUST |
| 245 10 - TITLE STATEMENT | |
| Title | Introduction to the management of public sector records study programme / |
| Statement of responsibility, etc. | editors Michael Roper, Laura Millar |
| 260 ## - PUBLICATION, DISTRIBUTION, ETC. | |
| Place of publication, distribution, etc. | London: |
| Name of publisher, distributor, etc. | International Records Management Trust, |
| Date of publication, distribution, etc. | 1999. |
| 300 ## - PHYSICAL DESCRIPTION | |
| Extent | 18 p. ; |
| Dimensions | 30 cm. |
| 440 ## - SERIES STATEMENT/ADDED ENTRY--TITLE | |
| Title | Managing public sector records |
| International Standard Serial Number | a study programme. |
| 650 #1 - SUBJECT ADDED ENTRY--TOPICAL TERM | |
| Topical term or geographic name entry element | Public records |
| General subdivision | management. |
| 700 ## - ADDED ENTRY--PERSONAL NAME | |
| Personal name | Millar, Laura. |
| 700 ## - ADDED ENTRY--PERSONAL NAME | |
| Personal name | Roper, Michael |
| 700 ## - ADDED ENTRY--PERSONAL NAME | |
| Personal name | International Council on Archives. |
| 700 ## - ADDED ENTRY--PERSONAL NAME | |
| Personal name | International Records Management Trust. |
| 907 ## - LOCAL DATA ELEMENT G, LDG (RLIN) | |
| a | .b10169210 |
| b | 12-09-05 |
| c | 26-07-05 |
| 942 ## - ADDED ENTRY ELEMENTS (KOHA) | |
| Koha item type | Ordinary Loan Books |
| Call number prefix | CD950INT |
| Date last seen | Total Checkouts | Full call number | Barcode | Cost, replacement price | Price effective from | Koha item type | Lost status | Source of classification or shelving scheme | Damaged status | Not for loan | Collection | Withdrawn status | Home library | Current library | Shelving location | Date acquired | Cost, normal purchase price |
|---|---|---|---|---|---|---|---|---|---|---|---|---|---|---|---|---|---|
| 01/20/2023 | 3 | CD950 INT | 92003012269 | 80.00 | 01/20/2023 | 3HOUR | LCC | NFIC | MAIN | MAIN | GEN | 01/20/2023 | 80.00 |